|
|
|
|
| LEADER |
01884nam a2200337 a 4500 |
| 001 |
00021238 |
| 008 |
101006s1997 caua 001 0 eng d |
| 010 |
|
|
|a 97117202
|
| 020 |
|
|
|a 9788131719459
|
| 040 |
|
|
|a DLC
|c DLC
|d DLC
|d BD-DhAAL
|
| 082 |
0 |
0 |
|a 005.13/3
|2 21
|
| 100 |
1 |
|
|a Horstmann,Cay S.
|
| 245 |
1 |
0 |
|a Core Java /
|c Cay S. Horstmann and Gary Cornell.
|
| 250 |
|
|
|a 8th ed.
|
| 260 |
|
|
|a Upper Saddle River, NJ :
|b Prentice Hall/Sun Microsystems Press,
|a New Delhi :
|b Pearson Education,
|c c2008 [Reprinted 2010]
|
| 300 |
|
|
|a xxvi, 836 p. :
|b ill. ;
|c 24 cm.
|
| 362 |
0 |
|
|a Vol. I
|
| 490 |
1 |
|
|a SunSoft Press Java series
|
| 500 |
|
|
|a "Revised and updated for Java SE 6"--Cover.
|
| 500 |
|
|
|a Includes index.
|
| 541 |
1 |
|
|e 00021238
|
| 650 |
|
0 |
|a Java (Computer program language)
|
| 700 |
1 |
|
|a Cornell, Gary.
|
| 830 |
|
0 |
|a Java series (Mountain View, Calif.)
|
| 852 |
4 |
|
|a Ayesha Abed Library
|j General shelf
|
| 999 |
|
|
|c 9669
|d 9669
|
| 952 |
|
|
|0 0
|1 0
|2 ddc
|4 0
|6 005_133000000000000_HOR_2010
|7 0
|9 12303
|a BRACUL
|b BRACUL
|c GEN
|d 2010-10-07
|g 838.95
|l 16
|m 95
|o 005.133 HOR
|p 3010021238
|r 2024-09-05
|s 2024-07-09
|t 1
|w 2010-10-07
|y BK
|
| 952 |
|
|
|0 0
|1 0
|2 ddc
|4 0
|6 005_133000000000000_HOR_2010
|7 0
|9 12304
|a BRACUL
|b BRACUL
|c GEN
|d 2010-10-07
|g 838.95
|l 13
|m 75
|o 005.133 HOR
|p 3010021237
|r 2024-09-08
|s 2024-06-09
|t 2
|w 2010-10-07
|y BK
|
| 952 |
|
|
|0 0
|1 0
|2 ddc
|4 0
|6 005_133000000000000_HOR_2010
|7 0
|9 12317
|a BRACUL
|b BRACUL
|c GEN
|d 2010-10-07
|g 838.95
|l 14
|m 128
|o 005.133 HOR
|p 3010021236
|r 2026-01-18
|s 2025-09-22
|t 3
|w 2010-10-07
|y BK
|
| 952 |
|
|
|0 0
|1 0
|2 ddc
|4 0
|6 005_133000000000000_HOR
|7 0
|9 13609
|a BRACUL
|b BRACUL
|c GEN
|d 2010-12-14
|e TRIM EDUCATION
|g 845.00
|l 13
|m 89
|o 005.133 HOR
|p 3010021609
|q 2026-04-21
|r 2025-09-02
|s 2025-09-02
|t 4
|w 2010-12-14
|y BK
|
| 952 |
|
|
|0 0
|1 0
|2 ddc
|4 0
|6 005_133000000000000_HOR
|7 0
|9 13754
|a BRACUL
|b BRACUL
|c GEN
|d 2011-01-09
|e TRIM EDUCATION
|l 10
|m 76
|o 005.133 HOR
|p 3010021716
|r 2024-10-28
|s 2024-06-26
|t 5
|w 2011-01-09
|y BK
|